LEADER 01436nam0 2200313 450 001 000019551 005 20100527144305.0 100 $a20061110d2005----km-y0itay50------ba 101 0 $aeng 102 $aIT 105 $aa---m-------- 200 1 $aChaos and multifractals: new insinghts about space-time rainfall modelling$bTesi di dottorato$fcandidato: Rocco Rosano$gthesis supervisors: Mauro Fiorentino, Ignazio Mancini, Vito Iacobellis$gthesis referee: Pierluigi Furcolo 210 $a[Potenza]$d2005 215 $a189 p.$cill.$d30 cm. 328 1$aTesi di dottorato: Università della Basilicata, Dottorato di ricerca in metodi e tecnologie per il monitoraggio ambientale, 18. ciclo 676 $a363.7063$v(21. ed.)$9Problemi ambientali. Monitoraggio, sorveglianza, rapporto 676 $a514.742$v(21 ed.)$9Frattali 700 1$aRosano,$bRocco$0443162 801 0$aIT$bUniversità della Basilicata - B.I.A.$gRICA$2unimarc 912 $a000019551 996 $aChaos and multifractals: new insinghts about space-time rainfall modelling$986767 997 $aUNIBAS BAS $aINGEGNERIA CAT $aSTD045$b01$c20061110$lBAS01$h0516 CAT $aTTM$b30$c20061214$lBAS01$h0146 CAT $aTTM$b30$c20061214$lBAS01$h0203 CAT $aTTM$b30$c20100527$lBAS01$h1443 FMT Z30 -1$lBAS01$LBAS01$mBOOK$1BASA2$APolo Tecnico-Scientifico$2TDO$BTesi di Dottorato$3TDI.18c.RR1$519606-10$820061110$f98$FConsultazione LEADER 01879oam 2200493M 450 001 9910716108703321 005 20200213070941.8 035 $a(CKB)5470000002519032 035 $a(OCoLC)1065619781 035 $a(OCoLC)995470000002519032 035 $a(EXLCZ)995470000002519032 100 $a20071213d1926 ua 0 101 0 $aeng 135 $aurcn||||||||| 181 $ctxt$2rdacontent 182 $cc$2rdamedia 183 $acr$2rdacarrier 200 10$aStorage for diversion of waters of North Platte River. April 13, 1926. -- Committed to the Committee of the Whole House on the State of the Union and ordered to be printed 210 1$a[Washington, D.C.] :$c[U.S. Government Printing Office],$d1926. 215 $a1 online resource (5 pages) 225 1 $aHouse report / 69th Congress, 1st session. House ;$vno. 863 225 1 $a[United States congressional serial set] ;$v[serial no. 8533] 300 $aBatch processed record: Metadata reviewed, not verified. Some fields updated by batch processes. 300 $aFDLP item number not assigned. 606 $aDams 606 $aIrrigation canals and flumes 606 $aReclamation of land 606 $aReservoirs 606 $aWater diversion 608 $aLegislative materials.$2lcgft 615 0$aDams. 615 0$aIrrigation canals and flumes. 615 0$aReclamation of land. 615 0$aReservoirs. 615 0$aWater diversion. 701 $aWinter$b Charles E$g(Charles Edwin),$f1870-1948$pRepublican (WY)$01387987 801 0$bWYU 801 1$bWYU 801 2$bOCLCO 801 2$bOCLCQ 906 $aBOOK 912 $a9910716108703321 996 $aStorage for diversion of waters of North Platte River. April 13, 1926. -- Committed to the Committee of the Whole House on the State of the Union and ordered to be printed$93549786 997 $aUNINA